000
00324 a2200157 4500
001
183041
020
_a
040
_c
Magnum
100
_a
Loiola, Alessandro Lemos Passos
240
1
0
_a
Visão poesias
_l
por
245
1
0
_a
Visão poesias
300
_a
87
362
0
_a
1991
697
_a
LITERATURA GERAL
942
_c
BK
999
_c
183041
_d
183041